Пластическая деформация сплавов. Структурно-неоднородные материалы: сборник статей

מידע ביבליוגרפי
מחבר תאגידי: Томский инженерно-строительный институт
מחברים אחרים: Попов Л. Е. Леонид Евгеньевич (редактор), Ковалевская Т. А.
שפה:רוסית
יצא לאור: Томск, Изд-во Том. ун-та, 1987
נושאים:
פורמט: ספר
KOHA link:https://koha.lib.tpu.ru/cgi-bin/koha/opac-detail.pl?biblionumber=97943

MARC

LEADER 00000nam0a2200000 4500
001 97943
005 20231031111140.0
020 |a RU  |b 87-41253 
035 |a (RuTPU)RU\TPU\book\104983 
090 |a 97943 
100 |a 20060607d1987 k a0rusy5003 ca 
101 0 |a rus 
102 |a RU 
105 |a a z 001zy 
200 1 |a Пластическая деформация сплавов. Структурно-неоднородные материалы  |e сборник статей  |f Томский инженерно-строительный институт; под ред. Л. Е. Попова, Т. А. Ковалевской 
210 |a Томск  |c Изд-во Том. ун-та  |d 1987 
215 |a 143 с.  |c ил.  |d 20 см 
320 |a Библиогр. в конце ст. 
610 1 |a сплавы 
610 1 |a пластическая деформация 
610 1 |a сборники 
610 1 |a структурно-неоднородные материалы 
675 |a 669.018:539.3/6  |z rus 
702 1 |a Попов  |b Л. Е.  |g Леонид Евгеньевич  |4 340 
702 1 |a Ковалевская  |b Т. А.  |4 340 
712 0 2 |a Томский инженерно-строительный институт 
801 0 |a RU  |b RuMRKP  |c 19950417  |g psbo 
801 1 |a RU  |b 63413507  |c 20060607  |g PSBO 
801 2 |a RU  |b 63413507  |c 20070528  |g PSBO 
942 |c BK